<?xml version="1.0" encoding="UTF-8"?><?xml-stylesheet type="text/xsl" href="static/style.xsl"?><OAI-PMH xmlns="http://www.openarchives.org/OAI/2.0/" xmlns:xsi="http://www.w3.org/2001/XMLSchema-instance" xsi:schemaLocation="http://www.openarchives.org/OAI/2.0/ http://www.openarchives.org/OAI/2.0/OAI-PMH.xsd"><responseDate>2026-04-29T00:59:48Z</responseDate><request verb="GetRecord" identifier="oai:repisalud.isciii.es:20.500.12105/25082" metadataPrefix="marc">https://repisalud.isciii.es/rest/oai/request</request><GetRecord><record><header><identifier>oai:repisalud.isciii.es:20.500.12105/25082</identifier><datestamp>2025-12-18T12:16:21Z</datestamp><setSpec>com_20.500.12105_2052</setSpec><setSpec>com_20.500.12105_2051</setSpec><setSpec>col_20.500.12105_19608</setSpec><setSpec>col_20.500.12105_19613</setSpec></header><metadata><record xmlns="http://www.loc.gov/MARC21/slim" xmlns:dcterms="http://purl.org/dc/terms/" xmlns:doc="http://www.lyncode.com/xoai" xmlns:xsi="http://www.w3.org/2001/XMLSchema-instance" xsi:schemaLocation="http://www.loc.gov/MARC21/slim http://www.loc.gov/standards/marcxml/schema/MARC21slim.xsd">
   <leader>00925njm 22002777a 4500</leader>
   <datafield ind2=" " ind1=" " tag="042">
      <subfield code="a">dc</subfield>
   </datafield>
   <datafield ind2=" " ind1=" " tag="720">
      <subfield code="a">Nazrul Islam</subfield>
      <subfield code="e">author</subfield>
   </datafield>
   <datafield ind2=" " ind1=" " tag="720">
      <subfield code="a">Garcia Lopez, Fernando Jose</subfield>
      <subfield code="e">author</subfield>
   </datafield>
   <datafield ind2=" " ind1=" " tag="720">
      <subfield code="a">Jdanov, Dimitri A</subfield>
      <subfield code="e">author</subfield>
   </datafield>
   <datafield ind2=" " ind1=" " tag="720">
      <subfield code="a">Royo-Bordonada, Miguel Angel</subfield>
      <subfield code="e">author</subfield>
   </datafield>
   <datafield ind2=" " ind1=" " tag="720">
      <subfield code="a">Khunti, Kamlesh</subfield>
      <subfield code="e">author</subfield>
   </datafield>
   <datafield ind2=" " ind1=" " tag="720">
      <subfield code="a">Lacey, Ben</subfield>
      <subfield code="e">author</subfield>
   </datafield>
   <datafield ind2=" " ind1=" " tag="720">
      <subfield code="a">White, Martin</subfield>
      <subfield code="e">author</subfield>
   </datafield>
   <datafield ind2=" " ind1=" " tag="720">
      <subfield code="a">Morris, Eva JA</subfield>
      <subfield code="e">author</subfield>
   </datafield>
   <datafield ind2=" " ind1=" " tag="720">
      <subfield code="a">Zunzunegui, Maria Victoria</subfield>
      <subfield code="e">author</subfield>
   </datafield>
   <datafield ind2=" " ind1=" " tag="260">
      <subfield code="c">2024</subfield>
   </datafield>
   <datafield ind2=" " ind1=" " tag="520">
      <subfield code="a">[EN] Objective:  We aimed to estimate regional inequalities in excess deaths and premature mortality in Spain during 2020 and 2021, before high vaccination coverage against COVID-19. Methods: With data from the National Institute of Statistics, within each region, sex, and age group, we estimated the excess deaths, the change in life expectancy at birth (e0) and age 65 (e65) and years of life lost as the difference between the observed and expected deaths using a time series analysis of 2015-2019 data and life expectancies based on Lee-Carter forecasting using 2010-2019 data. Results: From January 2020 to June 2021, an estimated 89,200 (men: 48,000; women: 41,200) excess deaths occurred in Spain with a substantial regional variability (highest in Madrid: 22,000, lowest in Canary Islands: -210). The highest reductions in e_0 in 2020 were observed in Madrid (men: -3.58 years, women: -2.25), Castile La Mancha (-2.72, -2.38), and Castile and León (-2.13, -1.39). During the first half of 2021, the highest reduction in e_0 was observed in Madrid for men (-2.09; -2.37 to -1.84) and Valencian Community for women (-1.63; -1.97 to -1.3). The highest excess years of life lost in 2020 was in Castile-La Mancha (men: 5370; women: 3600, per 100 000). We observed large differences between reported COVID-19 deaths and estimated excess deaths across the Spanish regions. Conclusions: Regions performed highly unequally on excess deaths, life expectancy and years of life lost. The investigation of the root causes of these regional inequalities might inform future pandemic policy in Spain and elsewhere. [ES] Objetivo: Estimar las desigualdades regionales en exceso de muertes y mortalidad prematura en España entre enero de 2020 y junio de 2021, antes de la vacunación poblacional masiva contra la COVID-19. Métodos: Con datos del Instituto Nacional de Estadística, se estimaron el exceso de muertes con respecto a las muertes esperadas por regiones, sexos y grupos de edad, el cambio en la esperanza de vida al nacer (e_0) y a los 65 años (e65) y los años de vida perdidos, mediante series temporales (2015-2019) y el pronóstico de Lee-Carter (2010-2019). Resultados: En el periodo del estudio, el exceso de muertes fue de 89.200 (hombres, 48.000; mujeres, 41.200), con una gran variabilidad regional (desde Madrid, 22.000, hasta las Islas Canarias, -210). Las mayores reducciones de e_0 en 2020 fueron en Madrid (hombres, -3,58 años; mujeres, -2,25), Castilla La Mancha (-2,72; -2,38) y Castilla y León (-2,13; -1,39) y en el primer semestre de 2021, en Madrid (hombres, -2,09; -2,37 a -1,84) y en la Comunidad Valenciana (mujeres, -1,63; -1,97 a -1,3). El mayor exceso de años de vida perdidos en 2020 se produjo en Castilla-La Mancha (hombres, 5.370; mujeres, 3.600, por 100.000). Hubo grandes diferencias entre las muertes por COVID-19 notificadas y el exceso de muertes. Conclusiones: Hubo enormes desigualdades regionales en el exceso de muertes, la esperanza de vida y los años de vida perdidos. La determinación de las causas fundamentales de estas desigualdades podría servir para mejorar las políticas de salud pública en pandemias futuras.</subfield>
   </datafield>
   <datafield ind1="8" ind2=" " tag="024">
      <subfield code="a">Nazrul Islam; García López, Fernando J, Jdanov, Dimitri A; Royo-Bordonada, Miguel Ángel; Khunti, Kamlesh; Lacey, Ben; White, Martin; Morris, Eva JA; Zunzunegui, Maria Victoria. Excess deaths, life expectancy and premature mortality in Spanish regions, 2020-2021.</subfield>
   </datafield>
   <datafield ind1="8" ind2=" " tag="024">
      <subfield code="a">https://hdl.handle.net/20.500.12105/25082</subfield>
   </datafield>
   <datafield ind1="8" ind2=" " tag="024">
      <subfield code="a">10.4321/repisalud.25082</subfield>
   </datafield>
   <datafield tag="653" ind2=" " ind1=" ">
      <subfield code="a">Excess deaths</subfield>
   </datafield>
   <datafield tag="653" ind2=" " ind1=" ">
      <subfield code="a">Life expectancy</subfield>
   </datafield>
   <datafield tag="653" ind2=" " ind1=" ">
      <subfield code="a">Years of life lost</subfield>
   </datafield>
   <datafield tag="653" ind2=" " ind1=" ">
      <subfield code="a">Premature mortality</subfield>
   </datafield>
   <datafield tag="653" ind2=" " ind1=" ">
      <subfield code="a">COVID-19</subfield>
   </datafield>
   <datafield tag="653" ind2=" " ind1=" ">
      <subfield code="a">Geographic inequalities</subfield>
   </datafield>
   <datafield tag="653" ind2=" " ind1=" ">
      <subfield code="a">Spain</subfield>
   </datafield>
   <datafield tag="653" ind2=" " ind1=" ">
      <subfield code="a">Desigualdades regionales</subfield>
   </datafield>
   <datafield tag="653" ind2=" " ind1=" ">
      <subfield code="a">Exceso de muertes</subfield>
   </datafield>
   <datafield tag="653" ind2=" " ind1=" ">
      <subfield code="a">Mortalidad prematura</subfield>
   </datafield>
   <datafield tag="653" ind2=" " ind1=" ">
      <subfield code="a">Mortalidad</subfield>
   </datafield>
   <datafield tag="653" ind2=" " ind1=" ">
      <subfield code="a">España</subfield>
   </datafield>
   <datafield tag="653" ind2=" " ind1=" ">
      <subfield code="a">Vacunas</subfield>
   </datafield>
   <datafield tag="653" ind2=" " ind1=" ">
      <subfield code="a">Esperanza de vida</subfield>
   </datafield>
   <datafield tag="653" ind2=" " ind1=" ">
      <subfield code="a">Salud pública</subfield>
   </datafield>
   <datafield tag="653" ind2=" " ind1=" ">
      <subfield code="a">Pandemia</subfield>
   </datafield>
   <datafield ind2="0" ind1="0" tag="245">
      <subfield code="a">Excess deaths, life expectancy and premature mortality in Spanish regions, 2020-2021</subfield>
   </datafield>
</record></metadata></record></GetRecord></OAI-PMH>